[Event "DEM U10/U10w 2004"]
[Site "Willingen GER"]
[Date "2004.06.05"]
[Round "11"]
[White "Mertens, Fridolin"]
[Black "Wang, Zhangxian"]
[Result "0-1"]
[Termination "normal"]
[Board "5"]
[WhiteElo "1449"]
[BlackElo "1598"]
[PlyCount "58"]
[WhiteFideId "24671940"]
[EventCountry "GER"]
[EventRounds "11"]
[EventType "swiss"]
[EventDate "2004.05.29"]

1. e4 c6 2. d4 d5 3. Nc3 dxe4 4. Nxe4 Nf6 5. Nxf6+ gxf6 6. c3 Bf5 7. Qb3 Qc7 8.
Nf3 e6 9. g3 Bd6 10. Bg2 Nd7 11. O-O O-O-O 12. Bh6 Rhg8 13. Nh4 Bg6 14. Nxg6
Rxg6 15. Be3 h5 16. f4 f5 17. Bf2 h4 18. Qa4 Kb8 19. c4 hxg3 20. Bxg3 Rh8 21.
b4 Nf6 22. c5 Be7 23. b5 Ne4 24. Bxe4 fxe4 25. Kf2 Bh4 26. Kg2 Bxg3 27. hxg3 f5
28. Rf2 Rxg3+ 29. Kf1 Rh1+ 0-1

[Event "DEM U10/U10w 2004"]
[Site "Willingen GER"]
[Date "2004.06.05"]
[Round "11"]
[White "Wittke, Rene"]
[Black "Schmitz, Stefan"]
[Result "1-0"]
[Termination "normal"]
[Board "6"]
[WhiteElo "1523"]
[BlackElo "1328"]
[PlyCount "115"]
[WhiteFideId "24640255"]
[BlackFideId "4625730"]
[EventCountry "GER"]
[EventRounds "11"]
[EventType "swiss"]
[EventDate "2004.05.29"]

1. e4 e5 2. Nf3 Nc6 3. Bc4 Nf6 4. d3 Bc5 5. c3 d6 6. O-O O-O 7. Re1 a6 8. b4
Ba7 9. h3 h6 10. Nbd2 Ne7 11. Nf1 Ng6 12. Ng3 Nh5 13. Nxh5 Nh4 14. Bd2 Re8 15.
Nxh4 Qxh4 16. Qf3 Be6 17. Bb3 Rf8 18. Ng3 Bxb3 19. axb3 Rae8 20. Nf5 Qf6 21.
Nxh6+ Kh7 22. Qxf6 gxf6 23. Ng4 Kg6 24. Be3 Bxe3 25. fxe3 Rg8 26. Rf1 Re6 27.
Rf3 Kg7 28. Raf1 Kf8 29. Rxf6 Rxf6 30. Nxf6 Rg6 31. d4 exd4 32. exd4 Ke7 33.
Nd5+ Kd8 34. Rxf7 c6 35. Nf4 Rg3 36. Ne6+ Kc8 37. Rf3 Rg6 38. d5 cxd5 39. exd5
b6 40. Kf2 a5 41. Rf4 Kb7 42. b5 Rg8 43. Rf7+ Ka8 44. Rf8+ Rxf8+ 45. Nxf8 Kb8
46. g4 Kc8 47. g5 Kd8 48. g6 Ke7 49. g7 Kf7 50. Ne6 Kg8 51. h4 Kh7 52. Kg3 Kg8
53. Kg4 Kh7 54. Kg5 Kg8 55. Kg6 a4 56. h5 axb3 57. h6 b2 58. h7# 1-0

[Event "DEM U10/U10w 2004"]
[Site "Willingen GER"]
[Date "2004.06.05"]
[Round "11"]
[White "Friedrich, Wiede"]
[Black "Berchtenbreiter, Maximilian"]
[Result "1-0"]
[Termination "normal"]
[Board "7"]
[WhiteElo "1436"]
[BlackElo "1214"]
[PlyCount "91"]
[WhiteFideId "24629537"]
[BlackFideId "24641120"]
[EventCountry "GER"]
[EventRounds "11"]
[EventType "swiss"]
[EventDate "2004.05.29"]

1. Nf3 c5 2. c4 Nc6 3. g3 Nf6 4. Bg2 e6 5. O-O d5 6. cxd5 Nxd5 7. d3 Be7 8. Nc3
O-O 9. Bd2 a6 10. Nxd5 exd5 11. Be3 Be6 12. b3 Rc8 13. Rc1 b6 14. d4 cxd4 15.
Nxd4 Nxd4 16. Bxd4 Rxc1 17. Qxc1 Bf6 18. Qe3 Bxd4 19. Qxd4 Qd6 20. Rd1 Qa3 21.
Qxb6 Qxa2 22. e3 h6 23. Bf1 a5 24. Rd4 Rc8 25. Kg2 Rc2 26. Qd8+ Kh7 27. Bd3+ g6
28. Bxc2 Qxc2 29. Qxa5 Qxb3 30. Qb4 Qc2 31. Qf8 Qf5 32. Rh4 h5 33. Qb4 Qf6 34.
Qd4 Qe7 35. Rf4 g5 36. Rf6 Qf8 37. h4 gxh4 38. Qxh4 Qg7 39. Qxh5+ Kg8 40. Rf4
Kf8 41. Qh1 Kg8 42. Qb1 Qf8 43. Rh4 f5 44. Qb7 Bf7 45. Qc7 d4 46. Qe5 1-0

[Event "DEM U10/U10w 2004"]
[Site "Willingen GER"]
[Date "2004.06.05"]
[Round "11"]
[White "Müller, Tobias"]
[Black "Bräuer, Franz"]
[Result "1-0"]
[Termination "normal"]
[Board "8"]
[WhiteElo "1320"]
[BlackElo "1357"]
[PlyCount "39"]
[WhiteFideId "24643394"]
[BlackFideId "24634468"]
[EventCountry "GER"]
[EventRounds "11"]
[EventType "swiss"]
[EventDate "2004.05.29"]

1. e4 e5 2. Nf3 Nc6 3. c3 Nf6 4. d4 exd4 5. e5 Qe7 6. cxd4 d6 7. Bb5 Bd7 8. Nc3
dxe5 9. Bxc6 Bxc6 10. dxe5 Bxf3 11. Qxf3 Qxe5+ 12. Be3 c6 13. O-O Bd6 14. g3
O-O 15. Rad1 Rfd8 16. Rfe1 Qh5 17. Qxh5 Nxh5 18. Rd2 a6 19. Bb6 Rd7 20. Red1
1-0

[Event "DEM U10/U10w 2004"]
[Site "Willingen GER"]
[Date "2004.06.05"]
[Round "11"]
[White "Riabov, Igor"]
[Black "Risius, Philipp"]
[Result "0-1"]
[Termination "normal"]
[Board "9"]
[WhiteElo "1353"]
[BlackElo "1264"]
[PlyCount "82"]
[BlackFideId "24630330"]
[EventCountry "GER"]
[EventRounds "11"]
[EventType "swiss"]
[EventDate "2004.05.29"]

1. e4 e5 2. Nf3 Nc6 3. Bc4 Bc5 4. c3 Nf6 5. d4 exd4 6. cxd4 Bb4+ 7. Nc3 Nxe4 8.
O-O Bxc3 9. d5 Bf6 10. Re1 Ne7 11. Rxe4 d6 12. Bg5 Bxg5 13. Nxg5 h6 14. Qe2
hxg5 15. Re1 Be6 16. dxe6 f6 17. Re3 c6 18. Rh3 Rxh3 19. gxh3 g6 20. Bd3 Qa5
21. a3 O-O-O 22. Rd1 Qe5 23. Qg4 Kb8 24. Qa4 Qxe6 25. Bf1 Nd5 26. Qc4 Nc7 27.
Qc3 Nd5 28. Qc4 Nf4 29. Qc3 Rh8 30. Qg3 Kc7 31. Qf3 Nxh3+ 32. Bxh3 Rxh3 33. Qg2
Rh4 34. Qf1 Rg4+ 35. Kh1 Rf4 36. Rd3 g4 37. f3 gxf3 38. Rxf3 Qe4 39. Kg2 Qxf3+
40. Qxf3 Rxf3 41. Kxf3 Kd7 0-1

[Event "DEM U10/U10w 2004"]
[Site "Willingen GER"]
[Date "2004.06.05"]
[Round "11"]
[White "Kotainy, Jens"]
[Black "Ohnmacht, Simon"]
[Result "1/2-1/2"]
[Termination "normal"]
[Board "10"]
[WhiteElo "1492"]
[BlackElo "1208"]
[PlyCount "80"]
[WhiteFideId "24670499"]
[BlackFideId "24672980"]
[EventCountry "GER"]
[EventRounds "11"]
[EventType "swiss"]
[EventDate "2004.05.29"]

1. e4 e5 2. Nf3 Nc6 3. Bc4 Bc5 4. O-O Nf6 5. Nc3 O-O 6. d3 d6 7. Na4 Bb6 8.
Nxb6 axb6 9. c3 Be6 10. Bxe6 fxe6 11. Re1 Re8 12. d4 h6 13. dxe5 dxe5 14. Qc2
Qd6 15. Be3 Rad8 16. Rad1 Qe7 17. h3 Rd7 18. Rxd7 Qxd7 19. Rd1 Qe7 20. Ne1 Rd8
21. Rxd8+ Qxd8 22. f3 Nh5 23. g4 Nf4 24. Bxf4 exf4 25. Ng2 e5 26. Kf1 Qa8 27.
Qb3+ Kf8 28. Nh4 Qe8 29. Qd5 Qf7 30. Qxf7+ Kxf7 31. Ke2 g5 32. Nf5 Kg6 33. Kd3
h5 34. a4 h4 35. b4 Kf6 36. Kc4 Ke6 37. Kb3 Nd8 38. b5 Nf7 39. c4 Kd7 40. Kb4
c6 1/2-1/2

[Event "DEM U10/U10w 2004"]
[Site "Willingen GER"]
[Date "2004.06.05"]
[Round "11"]
[White "Lebeda, Timo"]
[Black "Ma, Beini"]
[Result "0-1"]
[Termination "normal"]
[Board "11"]
[WhiteElo "1205"]
[BlackElo "1312"]
[PlyCount "112"]
[WhiteFideId "4638565"]
[BlackFideId "24630101"]
[EventCountry "GER"]
[EventRounds "11"]
[EventType "swiss"]
[EventDate "2004.05.29"]

1. e4 c5 2. Nf3 Nc6 3. d4 cxd4 4. Nxd4 Nf6 5. Nc3 e6 6. Be3 Bb4 7. f3 d5 8.
exd5 Nxd5 9. Bd2 Nxd4 10. Nxd5 Bxd2+ 11. Qxd2 Qxd5 12. O-O-O e5 13. c3 Qxa2 14.
cxd4 Qa1+ 15. Kc2 Bf5+ 16. Bd3 Qa4+ 17. Kb1 Be6 18. Qe2 Qa2+ 19. Kc1 Qa1+ 20.
Kd2 Qxb2+ 21. Ke1 Qxe2+ 22. Kxe2 exd4 23. Bb5+ Ke7 24. Rxd4 a6 25. Bd3 b5 26.
Rb1 Rhb8 27. Rc1 Ra7 28. Ra1 a5 29. Re4 b4 30. Re5 a4 31. Rc5 b3 32. Ra3 b2 33.
Bb1 Rb3 34. Rc3 Rxc3 35. Rxc3 a3 36. Kf2 a2 37. Bxa2 Bxa2 38. Re3+ Kf6 39. Re1
b1=Q 40. Rxb1 Bxb1 41. g4 Kg5 42. h3 Ra3 43. Kg3 Be4 44. h4+ Kf6 45. Kf4 Bxf3
46. g5+ Kg6 47. h5+ Kxh5 48. Kf5 Ra5+ 49. Kf4 Rxg5 50. Ke3 Rg4 51. Kf2 Kg5 52.
Ke3 h5 53. Kf2 Kf4 54. Ke1 Rg2 55. Kf1 Ke3 56. Ke1 Rg1# 0-1

[Event "DEM U10/U10w 2004"]
[Site "Willingen GER"]
[Date "2004.06.05"]
[Round "11"]
[White "Dauer, Maximilian"]
[Black "Dötterl, Michael"]
[Result "1/2-1/2"]
[Termination "normal"]
[Board "12"]
[WhiteElo "1124"]
[BlackElo "1274"]
[PlyCount "40"]
[EventCountry "GER"]
[EventRounds "11"]
[EventType "swiss"]
[EventDate "2004.05.29"]

1. e4 c5 2. Nc3 d6 3. g3 Nc6 4. Bg2 Nf6 5. d3 g6 6. f4 e6 7. Nf3 Bg7 8. O-O O-O
9. h3 Bd7 10. g4 h6 11. Ne2 Re8 12. Ng3 Qc8 13. g5 hxg5 14. Nxg5 b6 15. h4 Bh6
16. h5 a5 17. c3 b5 18. Be3 c4 19. d4 a4 20. a3 Rb8 1/2-1/2

[Event "DEM U10/U10w 2004"]
[Site "Willingen GER"]
[Date "2004.06.05"]
[Round "11"]
[White "Schätz, Annika"]
[Black "Gisy, Roberto"]
[Result "0-1"]
[Termination "normal"]
[Board "13"]
[WhiteElo "1139"]
[BlackElo "1229"]
[PlyCount "54"]
[WhiteFideId "24674796"]
[EventCountry "GER"]
[EventRounds "11"]
[EventType "swiss"]
[EventDate "2004.05.29"]

1. e4 e5 2. Nf3 Nc6 3. Bc4 Nf6 4. d4 exd4 5. O-O Nxe4 6. Re1 d5 7. Bxd5 Qxd5 8.
Nc3 Qa5 9. Nxe4 Be6 10. Neg5 O-O-O 11. Nxe6 fxe6 12. Rxe6 Bd6 13. Bg5 Rd7 14.
Qe2 h6 15. Re8+ Rxe8 16. Qxe8+ Nd8 17. Bxd8 Rxd8 18. Qg6 Qb5 19. Qg4+ Kb8 20.
Qxd4 Bxh2+ 21. Kxh2 Rxd4 22. Nxd4 Qe5+ 23. g3 Qxd4 24. Kg1 Qxb2 25. Re1 b6 26.
c4 Qxa2 27. Rc1 Qd2 0-1

[Event "DEM U10/U10w 2004"]
[Site "Willingen GER"]
[Date "2004.06.05"]
[Round "11"]
[White "Stark, Saskia"]
[Black "Osmanodja, Filiz"]
[Result "0-1"]
[Termination "normal"]
[Board "14"]
[WhiteElo "1226"]
[BlackElo "1219"]
[PlyCount "108"]
[WhiteFideId "4601050"]
[BlackFideId "24633569"]
[EventCountry "GER"]
[EventRounds "11"]
[EventType "swiss"]
[EventDate "2004.05.29"]

1. e4 c5 2. Nc3 Nc6 3. g3 g6 4. Bg2 Bg7 5. d3 e6 6. f4 Nge7 7. Nf3 O-O 8. O-O
d5 9. e5 f6 10. exf6 Bxf6 11. Re1 Qb6 12. Kh1 a6 13. Bd2 Qc7 14. Rb1 b5 15. Qe2
Nf5 16. Qf2 Ncd4 17. Rbc1 Nxf3 18. Qxf3 b4 19. Nd1 Bd7 20. b3 a5 21. Ne3 Nd4
22. Qf2 Ra7 23. Ng4 Bg7 24. Qg1 a4 25. Ne5 Bxe5 26. Rxe5 axb3 27. axb3 Ra2 28.
Be3 Ne2 29. Qf2 Nxc1 30. Bxc1 Qxe5 31. fxe5 Rxf2 32. Kg1 Rfxc2 33. Bh3 Rxc1+
34. Bf1 Raa1 35. Kg2 Rxf1 36. Kh3 Ra2 37. Kg4 h5+ 38. Kg5 Rxh2 39. Kxg6 Be8+
40. Kg5 Rf5+ 41. Kh6 h4 42. g4 Rf7 43. Kg5 Rg2 44. Kxh4 Rh7+ 45. Kg5 Rh5+ 46.
Kf4 Rh3 47. d4 Rf2+ 48. Kg5 Kg7 49. dxc5 Rxb3 50. c6 Kf8 51. c7 Rc3 52. c8=Q
Rxc8 53. Kh6 b3 54. Kh7 Rh2# 0-1

[Event "DEM U10/U10w 2004"]
[Site "Willingen GER"]
[Date "2004.06.05"]
[Round "11"]
[White "Babayev, Ramil"]
[Black "Ohnesorg, Felix"]
[Result "1/2-1/2"]
[Termination "normal"]
[Board "15"]
[WhiteElo "1382"]
[BlackElo "1226"]
[PlyCount "54"]
[WhiteFideId "24664243"]
[BlackFideId "24653578"]
[EventCountry "GER"]
[EventRounds "11"]
[EventType "swiss"]
[EventDate "2004.05.29"]

1. e4 e5 2. Nf3 Nc6 3. Bc4 Bc5 4. O-O Nf6 5. d3 O-O 6. Nc3 d6 7. h3 h6 8. Be3
Bxe3 9. fxe3 Be6 10. Bxe6 fxe6 11. d4 exd4 12. exd4 Re8 13. d5 exd5 14. exd5
Ne7 15. Qd2 Qd7 16. Rad1 Nf5 17. Rde1 a6 18. Nd4 Nxd4 19. Qxd4 b6 20. Ne2 Re7
21. Nf4 Rae8 22. Rxe7 Rxe7 23. Qc3 a5 24. b3 Kf7 25. Re1 Rxe1+ 26. Qxe1 Qe7 27.
Qxe7+ Kxe7 1/2-1/2

[Event "DEM U10/U10w 2004"]
[Site "Willingen GER"]
[Date "2004.06.05"]
[Round "11"]
[White "Mirke, Roy"]
[Black "Orhan, Eda"]
[Result "0-1"]
[Termination "normal"]
[Board "16"]
[WhiteElo "1227"]
[BlackElo "1312"]
[PlyCount "72"]
[WhiteFideId "24647306"]
[BlackFideId "24659258"]
[EventCountry "GER"]
[EventRounds "11"]
[EventType "swiss"]
[EventDate "2004.05.29"]

1. d4 d5 2. Nf3 Nf6 3. e3 e6 4. b3 c5 5. Bb2 Nc6 6. a3 Bd7 7. Bd3 Be7 8. O-O
O-O 9. Nbd2 Qc7 10. Ne5 cxd4 11. exd4 Bd6 12. f4 Rad8 13. Qf3 Qb6 14. c3 Bxe5
15. fxe5 Nxe5 16. Qg3 Nxd3 17. Qxd3 Rc8 18. Qg3 Ne4 19. Nxe4 dxe4 20. b4 a5 21.
Kh1 axb4 22. cxb4 Qc7 23. Qg4 Qc2 24. Rab1 e3 25. d5 Qg6 26. Qe2 Rc2 27. Qf3
exd5 28. Rg1 e2 29. Ba1 Bc6 30. Rbe1 d4 31. Qf2 d3 32. Bd4 Re8 33. Bc5 Bb5 34.
Be3 d2 35. Bxd2 Rxd2 36. Qf4 Red8 0-1

[Event "DEM U10/U10w 2004"]
[Site "Willingen GER"]
[Date "2004.06.05"]
[Round "11"]
[White "Schulz, Anja"]
[Black "Leach, Julien"]
[Result "1-0"]
[Termination "normal"]
[Board "17"]
[WhiteElo "1166"]
[BlackElo "1232"]
[PlyCount "77"]
[WhiteFideId "24647845"]
[EventCountry "GER"]
[EventRounds "11"]
[EventType "swiss"]
[EventDate "2004.05.29"]

1. e4 c5 2. Nf3 a6 3. d4 cxd4 4. Nxd4 Nf6 5. Nc3 e5 6. Nb3 Bb4 7. f3 d5 8. exd5
Nxd5 9. Bd2 Nxc3 10. Bxc3 Bxc3+ 11. bxc3 O-O 12. Bd3 Qb6 13. Qd2 Nc6 14. Qf2
Qxf2+ 15. Kxf2 Re8 16. Rhe1 Be6 17. Be4 f6 18. Nc5 f5 19. Bxc6 bxc6 20. Rxe5
Kf7 21. Nxe6 Rxe6 22. Rxf5+ Kg6 23. Rc5 Rae8 24. Rc1 Kf6 25. Ra5 Ra8 26. Re1
Rxe1 27. Kxe1 Ke6 28. Ke2 Kd6 29. Kd3 Ra7 30. Kd4 Ra8 31. Rf5 Ra7 32. c4 Re7
33. c5+ Kc7 34. Re5 Rxe5 35. Kxe5 Kd7 36. f4 Ke7 37. f5 Kd7 38. f6 gxf6+ 39.
Kxf6 1-0

[Event "DEM U10/U10w 2004"]
[Site "Willingen GER"]
[Date "2004.06.05"]
[Round "11"]
[White "Marquardt, Patrick"]
[Black "Döll, Laurin"]
[Result "1/2-1/2"]
[Termination "normal"]
[Board "18"]
[WhiteElo "1269"]
[BlackElo "1171"]
[PlyCount "52"]
[WhiteFideId "4670086"]
[EventCountry "GER"]
[EventRounds "11"]
[EventType "swiss"]
[EventDate "2004.05.29"]

1. d4 Nf6 2. c4 e6 3. Nc3 Bb4 4. e3 O-O 5. Nf3 d6 6. Bd3 Nc6 7. O-O Bxc3 8.
bxc3 e5 9. Qc2 h6 10. h3 Re8 11. e4 b6 12. Be3 Bb7 13. Nd2 Qd7 14. Rab1 a5 15.
c5 dxc5 16. dxc5 Rad8 17. Be2 b5 18. Bxb5 Rb8 19. Nc4 Ra8 20. a4 Qe6 21. Rfd1
Reb8 22. f3 Ne7 23. Nd2 Nh5 24. Nf1 Ng6 25. Bd7 Qf6 26. Bg4 Nhf4 1/2-1/2

[Event "DEM U10/U10w 2004"]
[Site "Willingen GER"]
[Date "2004.06.05"]
[Round "11"]
[White "Korman, Jewgenija"]
[Black "Lindner, Robert"]
[Result "1-0"]
[Termination "normal"]
[Board "19"]
[WhiteElo "1136"]
[BlackElo "1274"]
[PlyCount "107"]
[WhiteFideId "24606669"]
[BlackFideId "24658847"]
[EventCountry "GER"]
[EventRounds "11"]
[EventType "swiss"]
[EventDate "2004.05.29"]

1. e4 e6 2. d4 d5 3. Nc3 dxe4 4. Nxe4 Nd7 5. Nf3 Ngf6 6. Nxf6+ Nxf6 7. Bg5 Be7
8. Bd3 O-O 9. Qe2 c5 10. dxc5 Qa5+ 11. c3 Qxc5 12. Qe5 Ng4 13. Qxc5 Bxc5 14.
O-O e5 15. h3 Nxf2 16. Rxf2 f5 17. Nxe5 Bxf2+ 18. Kxf2 f4 19. Bc4+ Kh8 20. Be7
Bf5 21. Bxf8 Rxf8 22. Rd1 h6 23. Nd7 Rd8 24. Bb5 a6 25. Ba4 b5 26. Ne5 Re8 27.
Nf7+ Kg8 28. Bb3 Be6 29. Bxe6 Rxe6 30. Nd6 Kf8 31. Nf5 Kf7 32. Rd7+ Kf6 33.
Nxg7 Re4 34. Kf3 Re1 35. Kxf4 Re2 36. Nh5+ Ke6 37. Rh7 Rxg2 38. Rxh6+ Kd5 39.
Rxa6 Rxb2 40. Nf6+ Kc5 41. h4 Rc2 42. h5 Rxc3 43. Ne4+ Kc4 44. Nxc3 Kxc3 45. h6
Kd4 46. h7 Kd5 47. h8=Q b4 48. Qh5+ Kd4 49. Rc6 b3 50. axb3 Kd3 51. Qd5+ Ke2
52. Re6+ Kf2 53. Qd2+ Kg1 54. Re1# 1-0

[Event "DEM U10/U10w 2004"]
[Site "Willingen GER"]
[Date "2004.06.05"]
[Round "11"]
[White "Kazman, Caner"]
[Black "Rührmund, Daniel"]
[Result "0-1"]
[Termination "normal"]
[Board "20"]
[WhiteElo "1259"]
[BlackElo "1122"]
[PlyCount "81"]
[WhiteFideId "24684953"]
[BlackFideId "24674583"]
[EventCountry "GER"]
[EventRounds "11"]
[EventType "swiss"]
[EventDate "2004.05.29"]

1. e4 e5 2. Nf3 Nc6 3. Bc4 Bc5 4. Nc3 Nf6 5. d3 d6 6. Bg5 Be6 7. Bb3 O-O 8. Qd2
Kh8 9. h4 Nd4 10. Bxe6 fxe6 11. h5 Qe8 12. Nxd4 Bxd4 13. h6 Qg6 14. O-O-O Ng4
15. Rdf1 Bxf2 16. hxg7+ Qxg7 17. Nd1 Bd4 18. Rf3 Rg8 19. Rfh3 Raf8 20. Qe2
Qxg5+ 21. Kb1 Nf6 22. Qf3 Qf4 23. Qe2 Rg3 24. Rh4 Rg4 25. R4h3 d5 26. exd5 exd5
27. a3 a5 28. Ka2 b5 29. Rf3 Qg5 30. Rfh3 Rxg2 31. Qf1 b4 32. a4 Rxc2 33. Rh5
Nxh5 34. Qxf8+ Qg8 35. Qxg8+ Kxg8 36. Rxh5 Rd2 37. Rh1 Rxd3 38. Rf1 e4 39. Kb1
b3 40. Nf2 Bxf2 41. Rxf2 0-1

[Event "DEM U10/U10w 2004"]
[Site "Willingen GER"]
[Date "2004.06.05"]
[Round "11"]
[White "Bialas, Daniel"]
[Black "Fittkau, Nico"]
[Result "0-1"]
[Termination "normal"]
[Board "21"]
[WhiteElo "982"]
[BlackElo "1253"]
[PlyCount "84"]
[EventCountry "GER"]
[EventRounds "11"]
[EventType "swiss"]
[EventDate "2004.05.29"]

1. d4 e6 2. c4 Nf6 3. Nc3 Bb4 4. Qc2 Bxc3+ 5. Qxc3 O-O 6. Bg5 b6 7. Nf3 Bb7 8.
e3 Bxf3 9. gxf3 Kh8 10. Bd3 c6 11. Bc2 h6 12. Bh4 d5 13. e4 dxe4 14. fxe4 b5
15. cxb5 cxb5 16. Qd3 Qa5+ 17. Ke2 Ng8 18. Bf6 gxf6 19. e5 f5 20. Rhg1 Ne7 21.
Rg2 Ng6 22. Qf3 Qb6 23. Rag1 Rg8 24. Bxf5 exf5 25. Qxf5 Rg7 26. e6 Qxe6+ 27.
Qxe6 Nf4+ 28. Ke3 Nxe6 29. d5 Rxg2 30. Rxg2 Ng7 31. d6 Nf5+ 32. Kd3 Nxd6 33.
Kd4 Na6 34. Kc3 Rc8+ 35. Kb3 Nc5+ 36. Kb4 a6 37. Ka5 Nc4+ 38. Kb4 Nxb2 39. f3
Nc4 40. Rg1 Nd3+ 41. Kb3 Nd2+ 42. Ka3 Rc3# 0-1

[Event "DEM U10/U10w 2004"]
[Site "Willingen GER"]
[Date "2004.06.05"]
[Round "11"]
[White "Strohmann, Marc"]
[Black "Pältz, Sebastian"]
[Result "0-1"]
[Termination "normal"]
[Board "22"]
[WhiteElo "1248"]
[BlackElo "1001"]
[PlyCount "50"]
[BlackFideId "24648027"]
[EventCountry "GER"]
[EventRounds "11"]
[EventType "swiss"]
[EventDate "2004.05.29"]

1. f4 d5 2. Nf3 g6 3. e3 Bg7 4. Bb5+ c6 5. Ba4 b5 6. Bb3 Ba6 7. O-O c5 8. c3
Nf6 9. Bc2 e6 10. Ne5 Nbd7 11. Qe1 Qc7 12. Nxd7 Kxd7 13. Qg3 h5 14. d3 Rh7 15.
Nd2 Rah8 16. Nf3 Ke7 17. Ne5 h4 18. Qf3 h3 19. g3 Nd7 20. Nxd7 Qxd7 21. Re1 Bb7
22. a4 d4 23. Qe2 dxe3 24. axb5 Qd5 25. Rxa7 Qh1# 0-1

[Event "DEM U10/U10w 2004"]
[Site "Willingen GER"]
[Date "2004.06.05"]
[Round "11"]
[White "Große, Christian"]
[Black "Göbel, Constantin"]
[Result "1/2-1/2"]
[Termination "normal"]
[Board "23"]
[WhiteElo "1119"]
[BlackElo "1237"]
[PlyCount "44"]
[WhiteFideId "24646156"]
[BlackFideId "24647071"]
[EventCountry "GER"]
[EventRounds "11"]
[EventType "swiss"]
[EventDate "2004.05.29"]

1. c4 d6 2. d4 Nf6 3. Nf3 g6 4. g3 Bg7 5. Bg2 O-O 6. O-O Nbd7 7. Nc3 e5 8. d5
c6 9. e4 Nb6 10. b3 c5 11. Bb2 Bg4 12. h3 Bxf3 13. Qxf3 a6 14. Rfe1 Qe7 15.
Rad1 Nfd7 16. Qe3 Rae8 17. Kh2 Nf6 18. Re2 Nh5 19. Rde1 Nd7 20. a3 Ndf6 21. b4
b6 22. b5 a5 1/2-1/2

[Event "DEM U10/U10w 2004"]
[Site "Willingen GER"]
[Date "2004.06.05"]
[Round "11"]
[White "Hager, Joshua Aarash"]
[Black "Spangenberg, Romy"]
[Result "1-0"]
[Termination "normal"]
[Board "24"]
[WhiteElo "1193"]
[BlackElo "1119"]
[PlyCount "135"]
[WhiteFideId "24642789"]
[BlackFideId "4627997"]
[EventCountry "GER"]
[EventRounds "11"]
[EventType "swiss"]
[EventDate "2004.05.29"]

1. d4 d5 2. c4 e6 3. Nc3 Nf6 4. Bg5 Nbd7 5. Nf3 Be7 6. e3 c6 7. Qc2 h6 8. Bh4
O-O 9. Rc1 Ne8 10. Bxe7 Qxe7 11. Bd3 Nef6 12. O-O e5 13. e4 dxc4 14. Bxc4 exd4
15. Nxd4 Ne5 16. Be2 Rd8 17. Rfd1 c5 18. Nf3 Bg4 19. Nxe5 Rxd1+ 20. Rxd1 Bxe2
21. Ng6 fxg6 22. Qxe2 Re8 23. f3 Kh7 24. Qd2 b6 25. Qd6 Qxd6 26. Rxd6 Re7 27.
Kf2 g5 28. Ke3 Kg6 29. Nd5 Rd7 30. Rxd7 Nxd7 31. f4 Kf7 32. f5 Nf6 33. h3 Nd7
34. a4 g6 35. g4 Ne5 36. b3 gxf5 37. exf5 Nd7 38. Ke4 Kg7 39. Nc3 Kf6 40. Kd5
Ke7 41. Ne4 Kf7 42. Kd6 Ke8 43. Nc3 Kd8 44. Nd5 a6 45. Kc6 b5 46. axb5 axb5 47.
Kxb5 Kc8 48. Kc6 Kd8 49. Kd6 Kc8 50. Ke7 Ne5 51. f6 Ng6+ 52. Kf7 Ne5+ 53. Ke8
Kb7 54. f7 Ng6 55. Ne7 Nxe7 56. Kxe7 Kc6 57. f8=Q Kd5 58. Qxh6 Kd4 59. Qxg5 Ke4
60. Qxc5 Kf4 61. Kf6 Ke4 62. Qc4+ Ke3 63. Kf5 Kf3 64. Qd3+ Kg2 65. Kf4 Kh2 66.
Qe2+ Kxh3 67. Qd2 Kh4 68. Qh2# 1-0

[Event "DEM U10/U10w 2004"]
[Site "Willingen GER"]
[Date "2004.06.05"]
[Round "11"]
[White "Braun, Georg"]
[Black "Schäfer, Daniela"]
[Result "1-0"]
[Termination "normal"]
[Board "25"]
[WhiteElo "1181"]
[BlackElo "918"]
[PlyCount "71"]
[WhiteFideId "24629383"]
[BlackFideId "4624769"]
[EventCountry "GER"]
[EventRounds "11"]
[EventType "swiss"]
[EventDate "2004.05.29"]

1. e4 d6 2. d4 g6 3. Nc3 Bg7 4. Be3 Nf6 5. Bd3 c6 6. Nf3 Bg4 7. Qd2 Nbd7 8. h3
Bxf3 9. gxf3 Qc7 10. f4 e5 11. fxe5 dxe5 12. f4 exd4 13. Bxd4 a6 14. Qf2 Bh6
15. Rf1 O-O-O 16. Qh4 Bg7 17. O-O-O Rhg8 18. Bc4 Rdf8 19. Rf3 b5 20. Be2 Qa5
21. a3 Re8 22. e5 Nh5 23. Qg4 Kc7 24. Rfd3 Bh6 25. Be3 Nb6 26. Bxb6+ Qxb6 27.
Rd7+ Kb8 28. Rxf7 Qe3+ 29. Kb1 Nxf4 30. Rdd7 Rxe5 31. Rb7+ Ka8 32. Qd7 Qg1+ 33.
Bd1 Re7 34. Rxe7 Qc5 35. Ra7+ Qxa7 36. Qxa7# 1-0

[Event "DEM U10/U10w 2004"]
[Site "Willingen GER"]
[Date "2004.06.05"]
[Round "11"]
[White "Düssler, Stefanie"]
[Black "Bluma, Marcel"]
[Result "0-1"]
[Termination "normal"]
[Board "26"]
[WhiteElo "903"]
[BlackElo "1173"]
[PlyCount "54"]
[WhiteFideId "4634780"]
[BlackFideId "1270526"]
[EventCountry "GER"]
[EventRounds "11"]
[EventType "swiss"]
[EventDate "2004.05.29"]

1. e4 e5 2. Nf3 Nc6 3. Bc4 Nd4 4. Nxd4 exd4 5. c3 Bc5 6. d3 Qf6 7. O-O d6 8.
Qe2 Be6 9. Bxe6 fxe6 10. Qc2 Ne7 11. cxd4 Qxd4 12. Be3 Qe5 13. Nc3 O-O 14. Rad1
Qf6 15. d4 Bb6 16. d5 e5 17. Bxb6 axb6 18. Qd3 Ng6 19. Nb5 Nf4 20. Qe3 Qg6 21.
Qg3 Ne2+ 22. Kh1 Nxg3+ 23. fxg3 Rxf1+ 24. Rxf1 Rf8 25. Re1 Qf6 26. Kg1 Qf2+ 27.
Kh1 Qxe1# 0-1

[Event "DEM U10/U10w 2004"]
[Site "Willingen GER"]
[Date "2004.06.05"]
[Round "11"]
[White "Sancar, Alina"]
[Black "Bashylin, Seva"]
[Result "1/2-1/2"]
[Termination "normal"]
[Board "27"]
[WhiteElo "992"]
[BlackElo "1143"]
[PlyCount "44"]
[WhiteFideId "4624750"]
[BlackFideId "24688045"]
[EventCountry "GER"]
[EventRounds "11"]
[EventType "swiss"]
[EventDate "2004.05.29"]

1. e4 e6 2. d4 d5 3. e5 b6 4. f4 Qd7 5. Nf3 Ne7 6. Nc3 Ba6 7. Bd3 Bxd3 8. Qxd3
h5 9. Qb5 Nf5 10. Qxd7+ Nxd7 11. Nb5 Kd8 12. O-O h4 13. Ng5 Nh6 14. Rf3 a6 15.
Nc3 Ke8 16. Rh3 Nf5 17. Rd3 c5 18. dxc5 Bxc5+ 19. Kf1 b5 20. a3 Nd4 21. Rd2 a5
22. Ne2 Nxe2 1/2-1/2

[Event "DEM U10/U10w 2004"]
[Site "Willingen GER"]
[Date "2004.06.05"]
[Round "11"]
[White "Weißenburg, Isabel"]
[Black "Rosenkranz, Christian"]
[Result "0-1"]
[Termination "normal"]
[Board "28"]
[WhiteElo "878"]
[BlackElo "1152"]
[PlyCount "74"]
[WhiteFideId "4612922"]
[BlackFideId "24674494"]
[EventCountry "GER"]
[EventRounds "11"]
[EventType "swiss"]
[EventDate "2004.05.29"]

1. e4 e5 2. Nc3 Nf6 3. g3 Bc5 4. Bg2 O-O 5. Nge2 Nc6 6. O-O d6 7. h3 Be6 8. Nd5
Bxd5 9. exd5 Ne7 10. c4 c6 11. d4 exd4 12. Nxd4 cxd5 13. cxd5 Nexd5 14. Bg5 h6
15. Bxf6 Nxf6 16. b3 Rb8 17. Re1 Qb6 18. a4 Bxd4 19. a5 Qc5 20. Rc1 Bxf2+ 21.
Kh1 Qxa5 22. Re2 Bxg3 23. Ra1 Qb6 24. Qd3 Be5 25. Rf1 Nh5 26. Rxe5 dxe5 27. Kh2
Nf4 28. Qg3 Nxg2 29. Qxg2 Qxb3 30. Rg1 g6 31. Qe2 Rbd8 32. Rg3 Qd5 33. Qh5 Qd2+
34. Kh1 Qe1+ 35. Kh2 Rd2+ 36. Rg2 Rxg2+ 37. Kxg2 gxh5 0-1